| 000 | 00685nam a2200217 a 4500 | ||
|---|---|---|---|
| 005 | 20210223125245.0 | ||
| 008 | 040127s2000 mx r 000 0 spa d | ||
| 020 | _a9706252479 | ||
| 035 | _aUPN01000131551 | ||
| 049 | _aCG | ||
| 050 | 4 |
_aHD70 M6 _bK7.3 2000 |
|
| 100 | 1 | _aKras, Eva S. | |
| 245 | 1 | 0 |
_aCultura gerencial : _bMéxico-Estados Unidos / _cEva S. Kras. |
| 250 | _a2a ed. | ||
| 260 |
_aMéxico : _bIberoamérica, _c2000. |
||
| 300 |
_axvi, 98 p. : _bcuadros |
||
| 650 | 4 |
_aADMINISTRACION INDUSTRIAL - _zMEXICO _9504 |
|
| 650 | 4 |
_aADMINISTRACION INDUSTRIAL - _zESTADOS UNIDOS _9501 |
|
| 650 | 4 |
_aADMINISTRACION INDUSTRIAL - _vESTUDIOS INTERCULTURALES _9502 |
|
| 905 | _aLibro | ||
| 999 |
_c103706 _d103706 |
||